[Event "ICS rated blitz match"]
[Site "207.99.83.229"]
[Date "1999.07.15"]
[Round "?"]
[White "luzvermelha"]
[Black "Hossa"]
[Result "1-0"]
[WhiteElo "2230"]
[BlackElo "2336"]
[PlyCount "62"]
[EventDate "1999.??.??"]

1. e4 Nf6 2. Nc3 d6 3. d4 Nbd7 4. f4 Nb6 5. Nf3 d5 6. Bd3 Bg4 7. e5 Nfd7 8. O-O
e6 9. Ne2 Be7 10. c3 c5 11. Kh1 O-O 12. h3 Bh5 13. g4 Bg6 14. f5 exf5 15. gxf5
Bh5 16. Nf4 Bxf3+ 17. Qxf3 cxd4 18. f6 Bxf6 19. exf6 Nxf6 20. cxd4 Rc8 21. Nh5
Nxh5 22. Qxh5 h6 23. Bxh6 f5 24. Bxg7 Rc7 25. Qh8+ Kf7 26. Rxf5+ Ke6 27. Re1+
Kd7 28. Rxf8 Qe8 29. Bf5+ Kc6 30. Rfxe8 Kb5 31. Qh5 31... Rxg7 {Hossa resigns}
1-0

[Event "ICS rated blitz match"]
[Site "207.99.83.229"]
[Date "1999.07.15"]
[Round "?"]
[White "Hossa"]
[Black "knightmare51"]
[Result "1-0"]
[WhiteElo "2329"]
[BlackElo "2178"]
[PlyCount "147"]
[EventDate "1999.??.??"]

1. d4 e6 2. c4 d5 3. cxd5 exd5 4. Nc3 c6 5. e4 dxe4 6. Nxe4 Nf6 7. Nxf6+ Qxf6
8. Qa4 Bd6 9. Be3 O-O 10. O-O-O Nd7 11. Bd3 Nb6 12. Qc2 c5 13. dxc5 Be6 14.
Bxh7+ Kh8 15. Rxd6 Rac8 16. Be4 Nc4 17. Qxc4 Bxc4 18. Rxf6 gxf6 19. Bxb7 Rb8
20. c6 Bd5 21. Bxa7 Rbe8 22. Nf3 Bxc6 23. Bxc6 Rc8 24. Nd4 Rfd8 25. Kc2 Rxd4
26. Bxd4 Rxc6+ 27. Kb3 Kg7 28. Rd1 Kg6 29. Rd3 Ra6 30. Re3 f5 31. Re1 f4 32.
Re4 Kg5 33. Re5+ f5 34. Re8 Kg6 35. Re7 Rc6 36. Re1 Ra6 37. Bc5 Rc6 38. Kb4 Rc8
39. Kc4 Ra8 40. Kb3 Ra5 41. Bd6 Ra6 42. Bxf4 Rb6+ 43. Kc2 Ra6 44. Kb1 Kf6 45.
Bg3 Kg5 46. Be5 Kg4 47. Re3 f4 48. Rf3 Ra4 49. b3 Re4 50. Rxf4+ Rxf4 51. Bxf4
Kxf4 52. a4 Ke5 53. h4 Kd5 54. h5 Ke6 55. Kc2 Kf5 56. a5 Kg5 57. a6 Kxh5 58. b4
Kg6 59. a7 Kf6 60. a8=Q Ke6 61. Qe4+ Kd6 62. Kc3 Kd7 63. Kd4 Kd6 64. Qe5+ Kd7
65. b5 Kc8 66. Qe7 Kb8 67. Qd7 Ka8 68. Qe7 Kb8 69. Qe8+ Kb7 70. Qc6+ Kb8 71.
Kc5 Ka7 72. Qc7+ Ka8 73. Qc8+ Ka7 74. b6# {knightmare51 checkmated} 1-0

[Event "ICS rated blitz match"]
[Site "207.99.83.229"]
[Date "1999.07.15"]
[Round "?"]
[White "lollo"]
[Black "Hossa"]
[Result "1-0"]
[WhiteElo "2010"]
[BlackElo "2338"]
[PlyCount "105"]
[EventDate "1999.??.??"]

1. e4 Nf6 2. e5 Nd5 3. d4 d6 4. Nf3 dxe5 5. Nxe5 c6 6. c4 Nb4 7. Na3 Nd7 8. Nf3
e5 9. Qe2 Qa5 10. Bd2 Be7 11. Nxe5 Nxe5 12. dxe5 Bf5 13. Bc3 O-O-O 14. Qf3 g6
15. Be2 f6 16. exf6 Bxf6 17. Bxf6 Nc2+ 18. Kf1 Nxa1 19. Bxh8 Rxh8 20. g4 Nc2
21. gxf5 Nd4 22. Qe4 Rd8 23. fxg6 hxg6 24. Bg4+ Kb8 25. Kg2 Ka8 26. Rd1 c5 27.
Qe7 Rg8 28. Nb5 Nc6 29. Qxc5 a6 30. Rd3 Qxa2 31. Ra3 Qxa3 32. Qxa3 Rd8 33. Bf3
Kb8 34. Bxc6 bxc6 35. Qxa6 cxb5 36. Qxb5+ Kc7 37. Qc5+ Kd7 38. Qg5 Re8 39. Qxg6
Re6 40. Qxe6+ Kxe6 41. b4 Ke5 42. b5 Kd6 43. h4 Ke5 44. h5 Ke4 45. h6 Kd4 46.
h7 Kc5 47. h8=Q Kd6 48. Qd8+ Kc5 49. b6 Kb4 50. b7 Kc3 51. b8=Q Kc2 52. Qb4 Kc1
53. Qdd2# {Hossa checkmated} 1-0

[Event "ICS Rated blitz match"]
[Site "207.99.83.229"]
[Date "1999.07.16"]
[Round "?"]
[White "Hossa"]
[Black "lollo"]
[Result "0-1"]
[WhiteElo "2310"]
[BlackElo "2038"]
[PlyCount "75"]
[EventDate "1999.??.??"]

1. d4 d5 2. c4 c6 3. Nc3 Nf6 4. cxd5 cxd5 5. f3 Nc6 6. e4 dxe4 7. d5 Ne5 8.
fxe4 e6 9. Nf3 Nxf3+ 10. Qxf3 exd5 11. exd5 Bb4 12. Bb5+ Kf8 13. Bc4 Qc7 14. a3
Bg4 15. Qd3 Bxc3+ 16. Qxc3 Rc8 17. h3 Nxd5 18. Qd2 Qxc4 19. hxg4 Re8+ 20. Kf2
Qc5+ 21. Kg3 Re3+ 22. Kh2 Nf6 23. Qd8+ Re8 24. Qd3 Nxg4+ 25. Kg3 Nf2 26. Qf1
Nxh1+ 27. Qxh1 Qd6+ 28. Kf2 Qd4+ 29. Kg3 Qd3+ 30. Kh2 Re5 31. Bg5 Rxg5 32. Qf1
Rh5+ 33. Kg1 Qe3+ 34. Qf2 Rh1+ 35. Kxh1 Qxf2 36. Rc1 Ke7 37. b4 Rd8 38. Rc7+ {
Hossa resigns} 0-1

[Event "ICS Rated blitz match"]
[Site "207.99.83.229"]
[Date "1999.07.16"]
[Round "?"]
[White "ulun"]
[Black "Hossa"]
[Result "0-1"]
[WhiteElo "2195"]
[BlackElo "2284"]
[PlyCount "74"]
[EventDate "1999.??.??"]

1. d4 d5 2. Nf3 Nf6 3. e3 c5 4. Bd3 Nc6 5. c3 Bg4 6. h3 Bxf3 7. Qxf3 e6 8. O-O
Be7 9. Qe2 O-O 10. dxc5 Bxc5 11. e4 dxe4 12. Bxe4 Nxe4 13. Qxe4 Qf6 14. Be3
Bxe3 15. Qxe3 Rad8 16. Nd2 Rd5 17. Nf3 Rfd8 18. Qe2 Qf5 19. Rfd1 a5 20. Rxd5
Qxd5 21. c4 Qd6 22. b3 Rd7 23. Rc1 a4 24. Re1 a3 25. Qc2 Nb4 26. Qb1 Qf4 27.
Qc1 Qxc1 28. Rxc1 g5 29. Kf1 Kg7 30. Ke2 Nxa2 31. Ra1 Nc3+ 32. Ke3 Nd1+ 33. Ke2
a2 34. Nd2 Nc3+ 35. Ke3 f5 36. b4 f4+ 37. Kf3 37... Rd3+ {ulun resigns} 0-1

[Event "ICS rated blitz match"]
[Site "207.99.83.229"]
[Date "1999.07.16"]
[Round "?"]
[White "Olsson"]
[Black "Hossa"]
[Result "1/2-1/2"]
[WhiteElo "2030"]
[BlackElo "2296"]
[PlyCount "140"]
[EventDate "1999.??.??"]

1. d4 d5 2. c4 e6 3. Nc3 Nf6 4. Bg5 Be7 5. e3 h6 6. Bh4 O-O 7. Nf3 Nbd7 8. Be2
Nb6 9. Ne5 Nxc4 10. Nxc4 dxc4 11. Bxc4 Bd7 12. O-O Rc8 13. Rc1 c5 14. Bxf6 Bxf6
15. d5 Qb6 16. Qc2 Rcd8 17. b3 Be5 18. f4 Bxc3 19. Qxc3 Rfe8 20. Rfe1 exd5 21.
Bxd5 Rc8 22. e4 c4+ 23. Kh1 cxb3 24. Qxb3 Rxc1 25. Rxc1 Qxb3 26. axb3 Rc8 27.
Rd1 Rc7 28. Kg1 a5 29. Ra1 b6 30. Ra2 Rc3 31. Kf2 Bb5 32. Rd2 a4 33. bxa4 Bxa4
34. Ra2 Rc2+ 35. Rxc2 Bxc2 36. Ke3 Kf8 37. Kd4 Ke7 38. Kc4 Ba4 39. g3 Bd7 40.
e5 h5 41. Bf3 g6 42. Kd5 Ke8 43. Kd6 Kd8 44. h4 Bb5 45. f5 gxf5 46. Bxh5 Bc4
47. Bd1 b5 48. h5 Ke8 49. h6 Kf8 50. Bc2 b4 51. h7 Kg7 52. Bxf5 Ba2 53. Be4 Kh8
54. g4 b3 55. Bd5 Kxh7 56. Bxf7 Kh6 57. Bd5 Kg5 58. e6 Bb1 59. Bxb3 Kxg4 60. e7
Bg6 61. Ke5 Kg5 62. Bc2 Be8 63. Be4 Bb5 64. Bd5 Kg6 65. Ke6 Be8 66. Be4+ Kg7
67. Bg2 Kg6 68. Bd5 Ba4 69. Bc6 Bxc6 70. e8=Q+ 70... Bxe8 {
Game drawn because neither player has mating material} 1/2-1/2

[Event "ICS rated blitz match"]
[Site "207.99.83.229"]
[Date "1999.07.16"]
[Round "?"]
[White "Hossa"]
[Black "ulun"]
[Result "1-0"]
[WhiteElo "2286"]
[BlackElo "2181"]
[PlyCount "65"]
[EventDate "1999.??.??"]

1. d4 Nf6 2. c4 g6 3. Nc3 Bg7 4. e4 O-O 5. Be3 d6 6. Qd2 Nc6 7. O-O-O e5 8. d5
Ne7 9. f3 Ne8 10. Bh6 c5 11. dxc6 bxc6 12. Bxg7 Kxg7 13. c5 d5 14. exd5 cxd5
15. Nxd5 Be6 16. Bc4 Nxd5 17. Bxd5 Rc8 18. b4 a5 19. Bxe6 Qxd2+ 20. Kxd2 fxe6
21. a3 Nc7 22. bxa5 Nd5 23. Rc1 Ra8 24. Nh3 h6 25. Rc4 Rxa5 26. Ra1 Rc8 27. Nf2
Rcxc5 28. Rxc5 Rxc5 29. Rb1 Ra5 30. Rb7+ Kf6 31. Ne4+ Kf5 32. Rf7+ Nf6 33.
Rxf6# {ulun checkmated} 1-0

[Event "ICS rated blitz match"]
[Site "207.99.83.229"]
[Date "1999.07.16"]
[Round "?"]
[White "Hossa"]
[Black "occam"]
[Result "1-0"]
[WhiteElo "2297"]
[BlackElo "2330"]
[PlyCount "159"]
[EventDate "1999.??.??"]

1. d4 d6 2. c4 Nf6 3. Nc3 b6 4. e4 Nbd7 5. Bd3 e5 6. Nge2 exd4 7. Nxd4 c5 8.
Nf5 Ne5 9. O-O Bxf5 10. exf5 Be7 11. Qa4+ Qd7 12. Qxd7+ Nfxd7 13. Be2 O-O 14.
Rd1 Nc6 15. Be3 Rad8 16. Rd2 Nf6 17. Re1 g6 18. fxg6 fxg6 19. Bh6 Rf7 20. Bf3
Ne5 21. Bd5 Nxd5 22. Nxd5 Bf8 23. Bg5 Rb8 24. Re4 h6 25. Bf6 Nd7 26. Re6 g5 27.
a4 a6 28. h4 gxh4 29. Bxh4 Ne5 30. b3 Rf5 31. Be7 Re8 32. Rf6 Rg5 33. Bxf8 Rxf8
34. Kf1 Nf7 35. Re6 Re5 36. Ne7+ Kg7 37. Rdxd6 Rd8 38. Rxe5 Rxd6 39. Nf5+ Kg6
40. Nxd6 Nxe5 41. Nc8 Nd7 42. Ne7+ Kf7 43. Nd5 Kg6 44. Ke2 h5 45. Nc7 a5 46.
Nd5 Kg5 47. Ke3 h4 48. Kd3 Kf5 49. Kd2 Kg4 50. Ke2 Kg5 51. Ke3 Kf5 52. Kf3 Ne5+
53. Ke2 Nc6 54. Kd2 Nd4 55. Kc3 Ne2+ 56. Kc2 Nf4 57. Nxf4 Kxf4 58. Kd3 Kf5 59.
Ke3 Kg4 60. Ke4 Kg5 61. Kd5 Kf6 62. Kc6 Ke5 63. Kxb6 Kd4 64. Kxa5 Kc3 65. Kb5
Kxb3 66. a5 Kc3 67. a6 Kd3 68. a7 Ke2 69. a8=Q Kxf2 70. Qe4 Kg3 71. Qxh4+ Kxh4
72. Kxc5 Kg3 73. Kd5 Kxg2 74. c5 Kf2 75. c6 Kf3 76. c7 Ke3 77. c8=Q Kd2 78. Ke4
Kd1 79. Ke3 Ke1 80. Qc1# {occam checkmated} 1-0

[Event "ICS rated blitz match"]
[Site "207.99.83.229"]
[Date "1999.07.16"]
[Round "?"]
[White "MoonShot"]
[Black "Hossa"]
[Result "1-0"]
[WhiteElo "2674"]
[BlackElo "2315"]
[PlyCount "60"]
[EventDate "1999.??.??"]

1. e4 Nf6 2. Nc3 d6 3. f4 c5 4. Nf3 Nc6 5. Bc4 Nxe4 6. Nxe4 d5 7. Qe2 dxc4 8.
Qxc4 Be6 9. Qb5 Bd5 10. d3 a6 11. Qxc5 f5 12. Neg5 Rc8 13. O-O Ne5 14. Qb4
Nxf3+ 15. Nxf3 e6 16. Qa4+ Bc6 17. Qb3 Bc5+ 18. Kh1 Bd5 19. c4 O-O 20. cxd5
exd5 21. Qxb7 Qd6 22. Qb3 Rfe8 23. d4 Bb6 24. Qd3 a5 25. Qxf5 Rf8 26. Qd3 Rce8
27. Bd2 Qf6 28. Rae1 Qc6 29. Ng5 g6 30. Rxe8 30... Qxe8 {Hossa resigns} 1-0

[Event "ICS Rated blitz match"]
[Site "207.99.83.229"]
[Date "1999.07.16"]
[Round "?"]
[White "robbok1"]
[Black "Hossa"]
[Result "0-1"]
[WhiteElo "2554"]
[BlackElo "2311"]
[PlyCount "52"]
[EventDate "1999.??.??"]

1. e4 Nf6 2. Nc3 d5 3. e5 d4 4. Nce2 d3 5. Nf4 dxc2 6. Qf3 Ng4 7. e6 Nf6 8.
Bb5+ c6 9. exf7+ Kxf7 10. Bc4+ Ke8 11. Qb3 e5 12. Bf7+ Ke7 13. Nd3 Qd6 14. Ne2
e4 15. Ndf4 Nbd7 16. a3 g5 17. Ne6 Ne5 18. Nxg5 Nd3+ 19. Qxd3 exd3 20. Bc4 dxe2
21. d3 Qd4 22. h3 b5 23. Nf3 Qd6 24. Ba2 Qxd3 25. Bd2 Ne4 26. Rc1 26... Bh6 {
robbok1 resigns} 0-1

[Event "ICS Rated blitz match"]
[Site "207.99.83.229"]
[Date "1999.07.16"]
[Round "?"]
[White "Hossa"]
[Black "robbok1"]
[Result "0-1"]
[WhiteElo "2337"]
[BlackElo "2528"]
[PlyCount "101"]
[EventDate "1999.??.??"]

1. d4 Nf6 2. c4 c5 3. d5 b5 4. Nc3 b4 5. Na4 d6 6. Nf3 e5 7. Nd2 Bf5 8. a3 Be7
9. axb4 cxb4 10. f3 Nbd7 11. e4 Bg6 12. Bd3 O-O 13. O-O Qc7 14. Qe2 h6 15. f4
exf4 16. Rxf4 Ne5 17. Bb1 Bh5 18. Qe1 Nfd7 19. b3 Bf6 20. Bb2 Bg5 21. Rf1 Rfb8
22. Rf5 Bg6 23. Rxg5 hxg5 24. Bd4 a5 25. Qg3 f6 26. Qe3 Bh5 27. Qh3 Be2 28. Qg3
Bh5 29. Ba2 Ng6 30. c5 Nf4 31. cxd6 Ne2+ 32. Kf2 Qd8 33. Qe3 Nxd4 34. Qxd4 Ne5
35. Kg1 Qxd6 36. Rf1 Be2 37. Re1 Bb5 38. Nc5 Rc8 39. Ne6 Bd7 40. Nc4 Nxc4 41.
bxc4 Bxe6 42. Rf1 a4 43. Rc1 b3 44. Bb1 a3 45. Bd3 Bf7 46. Rf1 Qc5 47. Qxc5
Rxc5 48. Ra1 a2 49. Bb1 Rxc4 50. Bxa2 b2 51. Rb1 {Hossa resigns} 0-1

[Event "ICS rated blitz match"]
[Site "207.99.83.229"]
[Date "1999.07.16"]
[Round "?"]
[White "robbok1"]
[Black "Hossa"]
[Result "1-0"]
[WhiteElo "2536"]
[BlackElo "2329"]
[PlyCount "114"]
[EventDate "1999.??.??"]

1. e4 Nf6 2. e5 Nd5 3. d4 d6 4. Nf3 dxe5 5. Nxe5 c6 6. c4 Nb4 7. Na3 Nd7 8.
Nxd7 Qxd7 9. Bf4 Qf5 10. Qd2 Qe4+ 11. Be3 e5 12. f3 Qh4+ 13. g3 Qf6 14. Be2 Bh3
15. g4 Qg6 16. c5 a5 17. Kf2 O-O-O 18. Kg3 exd4 19. Bf2 h5 20. Kxh3 hxg4+ 21.
Kg2 gxf3+ 22. Kxf3 Qh5+ 23. Kg2 Qh3+ 24. Kg1 Qe6 25. Rc1 d3 26. Bf3 Rh3 27. Bg2
Rh7 28. Nc4 g6 29. Qf4 b5 30. Nb6+ Kb7 31. Re1 Qxa2 32. Qf6 d2 33. Re7+ Ka6 34.
Ra7+ Kxa7 35. Qxd8 d1=Q+ 36. Qxd1 Nd5 37. Nxd5 cxd5 38. c6+ Kb8 39. Qe2 Kc7 40.
Qxb5 Qb1+ 41. Bf1 Kd6 42. Bg3+ Ke7 43. Qe2+ Qe4 44. Qxe4+ dxe4 45. c7 Bg7 46.
c8=Q Rh5 47. Qc7+ Ke8 48. Bb5+ Rxb5 49. Qc6+ Kf8 50. Qxb5 f5 51. Qc5+ Kg8 52.
Qxa5 Bd4+ 53. Kf1 Bf6 54. b4 Kh7 55. Qc7+ Kh6 56. h4 e3 57. Bf4+ 57... g5 {
Hossa resigns} 1-0

[Event "ICS rated blitz match"]
[Site "207.99.83.229"]
[Date "1999.07.16"]
[Round "?"]
[White "Hossa"]
[Black "Expertnet"]
[Result "1-0"]
[WhiteElo "2322"]
[BlackElo "2236"]
[PlyCount "42"]
[EventDate "1999.??.??"]

1. d4 d5 2. c4 e6 3. Nc3 c5 4. cxd5 cxd4 5. Qa4+ Bd7 6. Qxd4 exd5 7. Qxd5 Nc6
8. e4 Nf6 9. Qg5 h6 10. Qd2 Bc5 11. Bd3 Qe7 12. Nge2 O-O-O 13. O-O Ng4 14. h3
Nge5 15. Nd5 Qh4 16. b4 Nf3+ 17. gxf3 Ne5 18. Qf4 Qh5 19. Qg3 Bxh3 20. Ndf4
Nxf3+ 21. Kh1 21... Qe5 {Expertnet resigns} 1-0

[Event "ICS rated blitz match"]
[Site "207.99.83.229"]
[Date "1999.07.16"]
[Round "?"]
[White "Mustang"]
[Black "Hossa"]
[Result "0-1"]
[WhiteElo "2020"]
[BlackElo "2347"]
[PlyCount "40"]
[EventDate "1999.??.??"]

1. e4 Nf6 2. e5 Nd5 3. c4 Nb6 4. Nf3 d6 5. exd6 c5 6. dxe7 Bxe7 7. Nc3 Nc6 8.
Qe2 Nb4 9. Qe4 g6 10. a3 Bf5 11. Qe5 Nc2+ 12. Kd1 O-O 13. Ra2 Bd6 14. Qe2 Re8
15. d3 Rxe2 16. Bxe2 Nd4 17. Nxd4 cxd4 18. Nb5 Bb8 19. b4 a6 20. c5 20... Nd5 {
Mustang resigns} 0-1

[Event "ICS rated blitz match"]
[Site "207.99.83.229"]
[Date "1999.07.16"]
[Round "?"]
[White "Hossa"]
[Black "mcchess"]
[Result "1-0"]
[WhiteElo "2351"]
[BlackElo "2192"]
[PlyCount "95"]
[EventDate "1999.??.??"]

1. d4 Nf6 2. c4 g6 3. Nc3 Bg7 4. e4 d6 5. f3 Nbd7 6. Nge2 e5 7. Be3 exd4 8.
Nxd4 c6 9. Qd2 O-O 10. O-O-O d5 11. cxd5 cxd5 12. exd5 Nb6 13. Nb3 Bf5 14. Bh6
Rc8 15. Bxg7 Kxg7 16. g4 Bd7 17. Qd4 h6 18. h4 Kg8 19. Nc5 Re8 20. g5 Nh7 21.
Nxb7 Qe7 22. gxh6 Qf6 23. Nd6 Qxd4 24. Rxd4 Re1+ 25. Kd2 Ra1 26. Nxc8 Nxc8 27.
Rb4 Nd6 28. Rb8+ Ne8 29. Ne4 Kf8 30. Nc5 Ke7 31. Nxd7 Kxd7 32. Bh3+ Kd6 33.
Rxa1 Nef6 34. Ra8 Kxd5 35. Rxa7 Ke5 36. Rxf7 Kf4 37. Bf1 Kxf3 38. Bd3 Kf4 39.
Bxg6 Ke5 40. Rxf6 Nxf6 41. h7 Nxh7 42. Bxh7 Kf6 43. Ke3 Kg7 44. Bf5 Kh6 45. Rg1
Kh5 46. Kf3 Kxh4 47. Kf4 Kh5 48. Rh1# {mcchess checkmated} 1-0

[Event "ICS rated blitz match"]
[Site "207.99.83.229"]
[Date "1999.07.16"]
[Round "?"]
[White "deadstroke"]
[Black "Hossa"]
[Result "0-1"]
[WhiteElo "2200"]
[BlackElo "2360"]
[PlyCount "70"]
[EventDate "1999.??.??"]

1. e4 Nf6 2. e5 Nd5 3. d4 d6 4. exd6 Qxd6 5. c4 Nf6 6. Nc3 Bd7 7. g3 e5 8. d5
Na6 9. Bg2 O-O-O 10. h3 Qb4 11. Qe2 Nc5 12. Nf3 e4 13. Nd4 Nd3+ 14. Kf1 Qxc4
15. Nc2 Bc5 16. Be3 Nxd5 17. Bxc5 Nxc3 18. bxc3 Qxc5 19. Bxe4 Bc6 20. Bxc6 Qxc6
21. Kg1 Qxc3 22. Ne3 Qxa1+ 23. Kg2 Qb2 24. Qf3 Qxa2 25. h4 Rd7 26. Rf1 Ne5 27.
Qf4 Re8 28. Qb4 Nd3 29. Qg4 Rxe3 30. Qxg7 Ne1+ 31. Kh3 Qd5 32. fxe3 Qg2+ 33.
Kg4 f5+ 34. Rxf5 Rxg7+ 35. Kf4 35... Nd3# {deadstroke checkmated} 0-1

[Event "ICS rated blitz match"]
[Site "207.99.83.229"]
[Date "1999.07.16"]
[Round "?"]
[White "Hossa"]
[Black "swelch"]
[Result "1-0"]
[WhiteElo "2360"]
[BlackElo "2044"]
[PlyCount "59"]
[EventDate "1999.??.??"]

1. d4 g6 2. c4 Bg7 3. e4 c5 4. dxc5 Qa5+ 5. Nd2 Qxc5 6. Be2 Nc6 7. Ngf3 Nf6 8.
O-O d6 9. Nb3 Qb6 10. Be3 Qc7 11. Nfd2 O-O 12. f4 e5 13. fxe5 dxe5 14. Qe1 Bg4
15. Rxf6 Bxe2 16. Rxc6 Qxc6 17. Qxe2 f5 18. Bc5 Rf7 19. Rf1 b6 20. Ba3 Re8 21.
exf5 gxf5 22. c5 e4 23. Nc4 Qb5 24. Qc2 bxc5 25. Nd6 Qd3 26. Qxd3 exd3 27. Nxe8
c4 28. Nxg7 Kxg7 29. Nd2 Rc7 30. Rc1 {swelch resigns} 1-0

[Event "ICS Rated blitz match"]
[Site "207.99.83.229"]
[Date "1999.07.16"]
[Round "?"]
[White "Hossa"]
[Black "SuperChicken"]
[Result "0-1"]
[WhiteElo "2364"]
[BlackElo "2662"]
[PlyCount "118"]
[EventDate "1999.??.??"]

1. d4 Nf6 2. c4 g6 3. Nc3 Bg7 4. e4 d6 5. f3 O-O 6. Be3 Nc6 7. Rb1 Bd7 8. b4 e5
9. d5 Nd4 10. Nge2 Nh5 11. Qd2 Nxe2 12. Bxe2 Nf4 13. O-O Rc8 14. Bd1 Qg5 15.
Kh1 Qh4 16. Bc2 Qe7 17. g3 Nh5 18. Bh6 Bxh6 19. Qxh6 c6 20. Rf2 Nf6 21. dxc6
Rxc6 22. Bd3 Rfc8 23. Nb5 Ra6 24. Rd1 Ra4 25. Rb2 Bxb5 26. cxb5 Ra3 27. Be2 Rd8
28. Rc2 Ra4 29. Bf1 Rxb4 30. Rdc1 d5 31. exd5 Nxd5 32. a3 Rb3 33. a4 Rxf3 34.
Be2 Ra3 35. Bc4 Ne3 36. Rf2 Nf5 37. Qh3 Rxa4 38. Bb3 Rb4 39. Bc4 Nd6 40. Bf1
Nxb5 41. Qh6 Nd4 42. Bd3 a5 43. Re1 b5 44. Re3 a4 45. Kg1 a3 46. Rf1 Rb2 47.
Re4 a2 48. Ree1 Nf3+ 49. Rxf3 Rxd3 50. Rxd3 Qa7+ 51. Qe3 a1=Q 52. Kf1 Rxh2 53.
Qf3 Qb2 54. Rd8+ Kg7 55. Re3 Qb1+ 56. Re1 Rh1+ 57. Qxh1 Qf5+ 58. Ke2 Qaf2+ 59.
Kd1 59... Q2c2# {Hossa checkmated} 0-1

[Event "ICS rated blitz match"]
[Site "207.99.83.229"]
[Date "1999.07.16"]
[Round "?"]
[White "Hossa"]
[Black "efaddin"]
[Result "1-0"]
[WhiteElo "2370"]
[BlackElo "2217"]
[PlyCount "73"]
[EventDate "1999.??.??"]

1. d4 Nf6 2. c4 e5 3. d5 Bc5 4. e3 d6 5. Nc3 O-O 6. Bd3 c6 7. Nge2 cxd5 8. cxd5
a6 9. O-O b5 10. Bd2 Nbd7 11. Rc1 Ba7 12. Ng3 Nc5 13. Qc2 Bb7 14. Bf5 g6 15. b4
Ncd7 16. Bxd7 Qxd7 17. e4 Rac8 18. Bh6 Rfe8 19. Qd2 Rc4 20. Qg5 Qe7 21. Nf5 Qd8
22. Ng7 Rf8 23. Qh4 Nd7 24. Qg3 Bd4 25. Ne2 Rxb4 26. Nxd4 Rxd4 27. Rfe1 Nc5 28.
Rxc5 dxc5 29. Qxe5 f6 30. Qg3 Qb8 31. Qa3 Rc8 32. Qh3 Qe5 33. f4 Qb8 34. Qe6+
Kh8 35. Ne8 Rc7 36. Qxf6+ Kg8 37. Qf8# {efaddin checkmated} 1-0

[Event "ICS rated blitz match"]
[Site "207.99.83.229"]
[Date "1999.07.16"]
[Round "?"]
[White "efaddin"]
[Black "Hossa"]
[Result "0-1"]
[WhiteElo "2237"]
[BlackElo "2379"]
[PlyCount "144"]
[EventDate "1999.??.??"]

1. e4 Nf6 2. e5 Nd5 3. d4 d6 4. Nf3 dxe5 5. Nxe5 c6 6. Qf3 Nf6 7. c3 Nbd7 8.
Bc4 Nxe5 9. dxe5 Bg4 10. Qd3 Qxd3 11. Bxd3 O-O-O 12. exf6 Rxd3 13. f3 Bd7 14.
fxg7 Bxg7 15. Ke2 Bf5 16. Na3 Rd5 17. Be3 b6 18. Rad1 Be6 19. Rxd5 Bxd5 20. c4
Be6 21. b3 Rd8 22. Nc2 Be5 23. Nb4 Kb7 24. Nd3 Bc7 25. Nf4 Bf5 26. g4 Bd7 27.
h4 f5 28. g5 e5 29. Nh5 e4 30. f4 Be6 31. Nf6 Rh8 32. h5 b5 33. Bd4 Bxf4 34.
Nxe4 Bxc4+ 35. bxc4 Re8 36. Kf3 Rxe4 37. Bf6 bxc4 38. g6 hxg6 39. hxg6 Bd6 40.
Rb1+ Kc7 41. Rg1 Re8 42. g7 Rg8 43. Rc1 Kd7 44. Rxc4 Ke6 45. Bd4 Kd5 46. Ra4 a5
47. Bc3 Bb4 48. Bf6 Ke6 49. Bb2 Rb8 50. a3 Bd2 51. Bd4 Rg8 52. Rc4 Kd5 53. Ra4
c5 54. Bf6 c4 55. Ke2 Ke6 56. Ba1 c3 57. Rxa5 Rxg7 58. Ra6+ Ke5 59. Kd3 Rg3+
60. Kc2 f4 61. Ra5+ Ke4 62. Rc5 f3 63. Rc4+ Kd5 64. Rc8 Bf4 65. Bxc3 f2 66.
Rd8+ Bd6 67. Bb4 f1=Q 68. Rxd6+ Ke5 69. Rd2 Qc4+ 70. Kb2 Qb3+ 71. Kc1 Rg1+ 72.
Rd1 72... Rxd1# {efaddin checkmated} 0-1

[Event "ICS rated blitz match"]
[Site "207.99.83.229"]
[Date "1999.07.16"]
[Round "?"]
[White "Bianca"]
[Black "Hossa"]
[Result "0-1"]
[WhiteElo "2195"]
[BlackElo "2398"]
[PlyCount "49"]
[EventDate "1999.??.??"]

1. Nf3 Nc6 2. d4 d5 3. Bf4 Nf6 4. e3 Bg4 5. c4 e6 6. Nc3 Bb4 7. h3 Bxf3 8. Qxf3
Na5 9. cxd5 Nxd5 10. Rc1 O-O 11. Bd3 Nxc3 12. bxc3 Ba3 13. Rb1 f5 14. O-O Bd6
15. Rb5 b6 16. Be5 Qg5 17. c4 Bxe5 18. Rxe5 Rae8 19. c5 c6 20. cxb6 axb6 21.
Rb1 Qd8 22. Qe2 c5 23. dxc5 Nc6 24. Qb2 Qxd3 25. cxb6 {Bianca resigns} 0-1

[Event "ICS rated blitz match"]
[Site "207.99.83.229"]
[Date "1999.07.16"]
[Round "?"]
[White "Hossa"]
[Black "Bianca"]
[Result "0-1"]
[WhiteElo "2406"]
[BlackElo "2187"]
[PlyCount "79"]
[EventDate "1999.??.??"]

1. d4 Nf6 2. c4 d6 3. Nc3 e5 4. Nf3 Nbd7 5. e4 Be7 6. Bd3 c6 7. O-O O-O 8. Be3
Qc7 9. Qe2 Re8 10. dxe5 dxe5 11. Rad1 Nc5 12. Bb1 Bg4 13. h3 Bxf3 14. Qxf3 Ne6
15. Qf5 Rad8 16. Ne2 g6 17. Qf3 c5 18. Bh6 Nd4 19. Qe3 Bf8 20. Nc3 Bg7 21. Nd5
Qd6 22. Qg5 Nxd5 23. Bxg7 Kxg7 24. cxd5 Qf6 25. Qd2 h6 26. f4 exf4 27. Qf2 Qe5
28. Bd3 g5 29. h4 f6 30. hxg5 hxg5 31. Rd2 Rh8 32. Re1 Rh4 33. a3 Rdh8 34. Qxh4
Rxh4 35. b3 f3 36. Kf2 fxg2 37. Rg1 Qf4+ 38. Ke1 Qe3+ 39. Re2 Qxg1+ 40. Kd2 {
Hossa resigns} 0-1

[Event "ICS rated blitz match"]
[Site "207.99.83.229"]
[Date "1999.07.16"]
[Round "?"]
[White "Bianca"]
[Black "Hossa"]
[Result "0-1"]
[WhiteElo "2212"]
[BlackElo "2381"]
[PlyCount "64"]
[EventDate "1999.??.??"]

1. Nf3 Nc6 2. d4 d5 3. Bf4 Nf6 4. e3 Bg4 5. Bb5 Qd7 6. h3 Bh5 7. Nbd2 O-O-O 8.
c3 Rg8 9. Qa4 g5 10. Bg3 Qe6 11. Bxc6 Qxc6 12. Qxa7 Qa6 13. Qxa6 bxa6 14. Ne5
Ne4 15. Nxe4 dxe4 16. O-O Kb7 17. c4 f6 18. Ng4 f5 19. Ne5 f4 20. exf4 Rxd4 21.
fxg5 Kc8 22. b3 Rd2 23. Rfe1 Rg7 24. Rxe4 Rd6 25. h4 e6 26. Rae1 Rb6 27. Nd3
Bf7 28. Nc5 Bxc5 29. Be5 Rg8 30. Kh2 Bxf2 31. Rf1 Bg6 32. Re2 32... Bxh4 {
Bianca resigns} 0-1

[Event "ICS rated blitz match"]
[Site "207.99.83.229"]
[Date "1999.07.16"]
[Round "?"]
[White "Hossa"]
[Black "GIRONA"]
[Result "1-0"]
[WhiteElo "2390"]
[BlackElo "2146"]
[PlyCount "101"]
[EventDate "1999.??.??"]

1. d4 Nf6 2. c4 g6 3. Nc3 Bg7 4. e4 O-O 5. Be3 d6 6. Qd2 Ng4 7. O-O-O Nc6 8.
Be2 Nxe3 9. fxe3 Bh6 10. Rf1 a6 11. h4 e5 12. d5 Nd4 13. h5 Qg5 14. hxg6 Qxe3
15. Rxh6 Qxd2+ 16. Kxd2 hxg6 17. Kc1 b5 18. cxb5 axb5 19. Kb1 b4 20. Nd1 Ra5
21. Bd3 Bd7 22. Ne3 Rfa8 23. Bc4 b3 24. a3 Kg7 25. Rh2 f5 26. Bd3 f4 27. Nc4
Rc5 28. Nf3 Nxf3 29. Rxf3 Bb5 30. Nd2 Ba4 31. Bc4 Rb8 32. Rfh3 Kf6 33. Bxb3
Bxb3 34. Rxb3 Rcb5 35. Rxb5 Rxb5 36. Rh7 Rc5 37. b4 Rc3 38. Kb2 Re3 39. Rxc7
Re2 40. Kc1 Rxg2 41. Rd7 Kg5 42. Rxd6 Kh4 43. Nf3+ Kg3 44. Nxe5 Ra2 45. Rxg6+
Kf2 46. Nc4 f3 47. d6 Ke1 48. d7 f2 49. d8=Q f1=Q 50. Qd1+ Kf2 51. Rf6+ {
GIRONA resigns} 1-0

[Event "ICS rated blitz match"]
[Site "207.99.83.229"]
[Date "1999.07.16"]
[Round "?"]
[White "Bulby"]
[Black "Hossa"]
[Result "0-1"]
[WhiteElo "2034"]
[BlackElo "2404"]
[PlyCount "40"]
[EventDate "1999.??.??"]

1. e4 Nf6 2. e5 Nd5 3. d4 d6 4. exd6 Qxd6 5. Nf3 e6 6. c4 Nf6 7. Nc3 c6 8. Bd3
Be7 9. O-O O-O 10. Re1 Nbd7 11. Bg5 Rd8 12. Bh4 c5 13. Bg3 Qc6 14. d5 Qb6 15.
dxe6 fxe6 16. Ng5 Qxb2 17. Rc1 Nf8 18. Qf3 Qd2 19. Rcd1 Qxg5 20. Bf4 20... Qg4
{Bulby resigns} 0-1

[Event "ICS rated blitz match"]
[Site "207.99.83.229"]
[Date "1999.07.16"]
[Round "?"]
[White "Hossa"]
[Black "Bulby"]
[Result "1-0"]
[WhiteElo "2407"]
[BlackElo "2031"]
[PlyCount "45"]
[EventDate "1999.??.??"]

1. d4 Nf6 2. c4 g6 3. Nc3 Bg7 4. e4 O-O 5. Be3 d6 6. Qd2 Nbd7 7. O-O-O e5 8.
Bd3 Ng4 9. d5 Nxe3 10. fxe3 Nc5 11. Rf1 a5 12. Bc2 c6 13. Nge2 Bh6 14. Kb1 Qg5
15. dxc6 Qxe3 16. Qxd6 Ne6 17. cxb7 Bxb7 18. Qxe5 Bg7 19. Qg3 Qc5 20. Bb3 Bc6
21. Qf2 Qb4 22. Nd5 a4 23. Nxb4 {Bulby resigns} 1-0